000 00312nam a22001337a 4500
082 _a823
_bSUD/L
100 _aSUDHAKAR, SUMATHI
245 _aTHE LION MAKERS AND OTHER STORIES
260 _aTHRISSUR
_bH&C
300 _a40
520 _aENGLISH SHORT STORY
650 _aENGLISH SHORT STORY
_zKERALA
942 _cBK
999 _c5892
_d5892